| 000 | 00708nam a22002295i 4500 | ||
|---|---|---|---|
| 001 | 166895 | ||
| 003 | ES-MaACL | ||
| 005 | 20231223063113.0 | ||
| 008 | 990708s1878 sp |||| | spa d | ||
| 080 | _a821.134.2-95"18" | ||
| 100 | 1 |
_aValera, Juan, _d1824-1905 _9112638 |
|
| 245 | 1 | 0 |
_aDisertaciones y juicios literarios / _cJuan Valera. |
| 260 |
_aMadrid ; _aParís : _bBiblioteca Perojo, _c1878 ( _fTip. Perojo) |
||
| 300 |
_a379 p. ; _c22 cm. |
||
| 596 | _aMarca tip. en port. | ||
| 597 | _aAntep. | ||
| 650 |
_aLiteratura- _xHistoria y crítica. _914489 |
||
| 752 |
_aEspaña - _dMadrid |
||
| 752 |
_aFrancia - _dParís |
||
| 852 | 4 |
_aES-MaACL _jD-5020 _z- Enc. hol. |
|
| 999 |
_c166895 _d166895 |
||